|
|
|
|
| LEADER |
00000naa2a2200000 4500 |
| 001 |
629062 |
| 005 |
20240220110649.0 |
| 035 |
|
|
|a (RuTPU)RU\TPU\conf\29499
|
| 035 |
|
|
|a RU\TPU\conf\29490
|
| 090 |
|
|
|a 629062
|
| 100 |
|
|
|a 20190129d2019 k y0rusy50 ca
|
| 101 |
0 |
|
|a rus
|
| 102 |
|
|
|a RU
|
| 105 |
|
|
|a y z 101zy
|
| 135 |
|
|
|a drcn ---uucaa
|
| 181 |
|
0 |
|a i
|
| 182 |
|
0 |
|a b
|
| 200 |
1 |
|
|a К вопросу оптимизации параметров сглаживающего сплайна
|f Е. Ю. Репина [и др.]
|
| 203 |
|
|
|a Текст
|c электронный
|
| 225 |
1 |
|
|a Компьютерное моделирование и интеллектуальный анализ данных
|
| 300 |
|
|
|a Заглавие с титульного экрана
|
| 320 |
|
|
|a [Библиогр.: с. 117 (3 назв.)]
|
| 463 |
|
0 |
|0 (RuTPU)RU\TPU\conf\29427
|t Молодежь и современные информационные технологии
|o сборник трудов XVI Международной научно-практической конференции студентов, аспирантов и молодых учёных, 3-7 декабря 2018 г., г. Томск
|f Национальный исследовательский Томский политехнический университет, Инженерная школа информационных технологий и робототехники ; под ред. Д. М. Сонькина [и др.]
|v [С. 116-117]
|d 2019
|
| 610 |
1 |
|
|a электронный ресурс
|
| 610 |
1 |
|
|a труды учёных ТПУ
|
| 610 |
1 |
|
|a оптимизация параметров
|
| 610 |
1 |
|
|a сплайны
|
| 610 |
1 |
|
|a кластеризация
|
| 610 |
1 |
|
|a алгоритмы
|
| 610 |
1 |
|
|a временные ряды
|
| 610 |
1 |
|
|a кластеры
|
| 701 |
|
1 |
|a Репина
|b Е. Ю.
|
| 701 |
|
0 |
|a Даньни У
|
| 701 |
|
1 |
|a Затеев
|b Р. П.
|
| 701 |
|
1 |
|a Кочегурова
|b Е. А.
|c специалист в области информатики и вычислительной техники
|c доцент Томского политехнического университета, кандидат технических наук
|f 1958-
|g Елена Алексеевна
|3 (RuTPU)RU\TPU\pers\27090
|9 12640
|
| 712 |
0 |
2 |
|a Национальный исследовательский Томский политехнический университет
|b Инженерная школа информационных технологий и робототехники
|b Отделение информационных технологий
|3 (RuTPU)RU\TPU\col\23515
|
| 801 |
|
2 |
|a RU
|b 63413507
|c 20201229
|g RCR
|
| 856 |
4 |
|
|u http://earchive.tpu.ru/handle/11683/52673
|
| 942 |
|
|
|c BK
|